000
00311nam a2200133Ia 4500
008
220204s9999 xx 000 0 und d
082
_a
591
_b
STO
100
_a
STORE, Tracy I
245
0
_a
General zoology.
250
_a
Ed.5
260
_a
New Delhi
_b
Tata Mcgraw Hill
_c
1951
650
_a
Zoology
942
_c
BK
999
_c
24749
_d
24749